| 000 | 00498nam a22001817a 4500 | ||
|---|---|---|---|
| 003 | OSt | ||
| 005 | 20140310182026.0 | ||
| 008 | 130813t xxu||||| |||| 00| 0 eng d | ||
| 020 | _a8172451040 | ||
| 050 |
_aGV 1493 _b.P554 1997 |
||
| 082 |
_aHS 153.93 _bP53 1997 |
||
| 100 |
_aPhilips, Sam _99816 |
||
| 245 |
_aTake the IQ challenge / _cSam Philips. |
||
| 260 |
_aNew Delhi : _bGoodwill Publishing, _cc1997. |
||
| 300 |
_a124 p. : _bill. ; _c21 cm. |
||
| 942 |
_2lcc _cHS _kHS |
||
| 999 |
_c8472 _d8472 |
||